000 00670cab a2200217 4500
001 WB2842-60
008 090401t1992 xxu||||| |||| 00| 0 eng d
035 _a(Sirsi) u49498
041 _aeng
245 _aRelative view of regeneration
260 _c1992
350 _a0
490 _aFinancial Times
_v27 October 1992, 14(1)
520 _aFollowing recent discussions on job creation plans for mining areas, this article analyses how successful similar plans were in Consett after the closure of the steel works.
650 _aCONSETT
650 _aJOBS CREATION
650 _aREGENERATION
690 _aURBAN RENEWAL
942 _n0
948 _c04/03/1997
999 _c30980
_d30980